| 000 | 00397nam a2200097Ia 4500 | ||
|---|---|---|---|
| 008 | 220216s9999 xx 000 0 und d | ||
| 100 | _aSekhar A C | ||
| 245 | 0 | _aPresent status of rubber wood utilisation in India | |
| 260 |
_bIn: Abstracts of Papers: First National Seminar on Rubber Wood, 12 December 1989, Rubber Research Institute of India, Kottayam, Kerala, India, pp. 1-VII. _c1989 |
||
| 942 | _cBO | ||
| 999 |
_c48198 _d48198 |
||